Výhody a nevýhody alternatívnych zdrojov energie

Výhody a nevýhody použitia jednotlivých obnoviteľných zdrojov energie. Sumarizácia poznatkov o využití obnoviteľných zdrojov energie s prihliadnutím na jedinečnosť každého z nich.

Enregistré dans:
Détails bibliographiques
Auteur principal: Pčolinská, Lenka
Autres auteurs: Naščáková, Jana
Format: Chapitre de livre
Langue:slovaque
Sujets:
Tags: Ajouter un tag
Pas de tags, Soyez le premier à ajouter un tag!

MARC

LEADER 00000naa$a2200000$$$4500
001 0143329
005 20240502072554.2
041 0 |a slo 
044 |a SK 
245 1 0 |a Výhody a nevýhody alternatívnych zdrojov energie  |c Lenka Pčolinská, Jana Naščáková 
520 |a Výhody a nevýhody použitia jednotlivých obnoviteľných zdrojov energie. Sumarizácia poznatkov o využití obnoviteľných zdrojov energie s prihliadnutím na jedinečnosť každého z nich. 
610 2 0 |a zdroje energie alternatívne 
610 2 0 |a energia vodná 
610 2 0 |a energia veterná 
610 2 0 |a energia slnečná 
610 2 0 |a energia geotermálna 
610 2 0 |a biomasa 
610 2 0 |a bioplyn 
100 1 |a Pčolinská, Lenka 
700 1 |a Naščáková, Jana